000 00812nam0a22002651 4500
001 rc\229601
005 20250621005431.0
010 _a5-295-00411-2
_95000
035 _a(NLR Aleph) 005486354
090 _a5160728
_c5160728
100 _a20030307d1990 |||y0rusy50 ca
101 0 _arus
_abak
102 _aRU
105 _ay |||||||||
200 1 _aКраткий русско-башкирский словарь медико-гигиенических терминов
_f[В.З. Гумаров]
210 _aУфа
_cБашк. кн. изд-во
_d1990
215 _a272 с.
_d21
701 1 _aГумаров
_bВ.З.
_gВарис Зиякаевич
801 0 _aRU
_bNLR
_gpsbo
801 1 _aRU
_bELAR
_2rusmarc
852 _aNLR
_bОНЛ
852 _aNLR
_jОНЛ
942 _cBOOK
980 _aNB